| 000 | 01688cam a2200241 4500 | ||
|---|---|---|---|
| 001 | ABS63278 | ||
| 008 | 000000n2000 000 0 eng u | ||
| 035 | _a(Sirsi) u110266 | ||
| 100 | _aParry, T | ||
| 110 |
_aIHT Highways and Infrastructure Board, Sustainability Working Group _94002 |
||
| 245 | _aSustainable construction and the issues for transport infrastructure | ||
| 260 | _c2000 | ||
| 490 |
_aHighways & Transportation _v47(2) December 2000, 10-12(3) |
||
| 520 | _aConsiders the issues around sustainability and balancing the need for economic developement against the protection of the environment and the conservation of natural resources for future generations. In particular it looks at the effect of the government's drive for sustainability on transport, especially the need to reduce greenhouse gases when traffic is one of main and growing contributors. Also looks at government suggestions as to where the construction industry can make their own contribution and be more environmentally aware and friendly; these are taken from the government document, "Building a better quality of life: a strategy for more sustainable construction". Concludes with encouragement for the construction industry to take on board the changes required and suggests a possible project by the IHT Highways and Infrastructure Board that will be able to provide a suitable framework as well as provide advise and guidance. References. | ||
| 590 | _aABS | ||
| 650 | _aTRANSPORT | ||
| 650 | _aENVIRONMENTAL AWARENESS | ||
| 650 | _aSUSTAINABLE DEVELOPMENT | ||
| 650 | _aGREENHOUSE GASES | ||
| 690 | _aBUILT ENVIRONMENT-SUSTAINABLE CONSTRUCTION | ||
| 700 | _aWood, S | ||
| 942 | _n0 | ||
| 999 |
_c65756 _d65756 |
||